[Event "63rd ch-HUN 2013"]
[Site "Gyula HUN"]
[Date "2013.12.03"]
[Round "1.1"]
[White "Czebe,A"]
[Black "Toth,E"]
[Result "1-0"]
[WhiteElo "2451"]
[BlackElo "2477"]

1.e4 e6 2.d4 d5 3.Nd2 Be7 4.Ngf3 Nf6 5.e5 Nfd7 6.Bd3 c5 7.O-O Nc6 8.Re1 g5
9.h3 h5 10.c4 dxc4 11.Nxc4 cxd4 12.Be4 g4 13.Bxc6 bxc6 14.Nxd4 Nb6 15.Nd6+ Bxd6
16.exd6 Qxd6 17.Bg5 gxh3 18.Nb5 Qxd1 19.Raxd1 Nd5 20.Nc7+ Kd7 21.Nxa8 Rg8
22.Bf4 Rxg2+ 23.Kh1 Rxf2 24.Bg3 Rg2 25.Rg1 Bb7 26.Nc7 Rc2 27.Be5 c5 28.Rg8 Re2
29.Bh2 Rxb2 30.Kg1 Ke7 31.Nxd5+ Bxd5 32.Rg3 Rxa2 33.Rxh3 c4 34.Bg3 Rg2+ 35.Kf1 Ra2
36.Rh2 Ra3 37.Be5 Rf3+ 38.Rf2 Rh3 39.Ra1 c3 40.Rxa7+ Ke8 41.Rc7  1-0

[Event "IV JAHV McGregor 2013"]
[Site "Bogota COL"]
[Date "2013.12.07"]
[Round "6.38"]
[White "Suasnabar,J"]
[Black "Almanza,R"]
[Result "0-1"]
[WhiteElo "1998"]
[BlackElo "2173"]

1.e4 e6 2.d4 d5 3.Nd2 Be7 4.Ngf3 Nf6 5.Bd3 c5 6.c3 cxd4 7.cxd4 dxe4 8.Nxe4 Nc6
9.O-O O-O 10.Nc3 b6 11.a3 Bb7 12.Re1 g6 13.Bc2 Qd6 14.Qd3 Rfd8 15.Be3 Ng4
16.Ne4 Qd5 17.Bb3 Qf5 18.Bc2 Nce5 19.Nxe5 Nxe5 20.Qb3 Bd5 21.Ng3 Nf3+ 22.Kh1 Qg4
23.Qa4 Qh4 24.Nf1 Bd6  0-1

[Event "ch-HUN w 2013"]
[Site "Heviz HUN"]
[Date "2013.12.07"]
[Round "5.5"]
[White "Dudas,E"]
[Black "Rudolf,An"]
[Result "0-1"]
[WhiteElo "2276"]
[BlackElo "2302"]

1.e4 e6 2.d4 d5 3.Nd2 Be7 4.Bd3 c5 5.dxc5 Nd7 6.exd5 exd5 7.Nb3 Nxc5 8.Bb5+ Bd7
9.Bxd7+ Qxd7 10.Nf3 Nf6 11.O-O O-O 12.Nbd4 Bd6 13.c3 Rae8 14.Nb3 b6 15.Kh1 Qf5
16.h3 Nfe4 17.Nbd4 Qg6 18.Ne2 Nd3 19.Kg1 Nec5 20.b4 Na4 21.Be3 Nab2 22.Qb3 Nc4
23.Ned4 Rxe3 24.Nh4 Qg5 25.fxe3 Qxe3+ 26.Kh1 Qg3 27.Ndf3 Ne3 28.Qb1 Nf4 29.Qe1 Nxf1
30.Qxf1 g6 31.Re1 Rc8 32.Re3 Kf8 33.Qe1 Nh5 34.Qe2 Qf4 35.Qd3 Ng3+ 36.Kg1 Be7
37.Nd4 Bxh4 38.Ne6+ fxe6 39.Rf3 Bg5 40.Rxf4+ Bxf4 41.Qf3 Kg7 42.Qg4 Rxc3
43.Qd1 Rc1  0-1

[Event "TCh-NED Meesterklasse 2013-14"]
[Site "Netherland NED"]
[Date "2013.12.07"]
[Round "3.4"]
[White "Jens,J"]
[Black "Zaragatski,I"]
[Result "1/2-1/2"]
[WhiteElo "2394"]
[BlackElo "2499"]

1.e4 e6 2.d4 d5 3.Nd2 Nc6 4.Ngf3 Nf6 5.e5 Nd7 6.Bb5 a6 7.Bxc6 bxc6 8.O-O a5
9.c4 dxc4 10.Nxc4 Nb6 11.Qc2 Nxc4 12.Qxc4 Qd5 13.Qc2 Ba6 14.Rd1 Rb8 15.b3 h6
16.Be3 Ba3 17.Nd2 O-O 18.Ne4 Be7 19.Rac1 Rb4 20.Nc3 Qd7 21.Na4 Rfb8 22.Qxc6 Qxc6
23.Rxc6 Bb5 24.Rxc7 Bd8 25.Rc2 Rxa4 26.bxa4 Bxa4 27.Rdc1 Bxc2 28.Rxc2 Rb1+
29.Rc1 Rb2 30.Rc8 Rb1+  1/2-1/2

[Event "TCh-NED Meesterklasse 2013-14"]
[Site "Netherland NED"]
[Date "2013.12.07"]
[Round "3.4"]
[White "Burg,T"]
[Black "Bosman,M"]
[Result "1-0"]
[WhiteElo "2490"]
[BlackElo "2327"]

1.e4 e6 2.d4 d5 3.Nd2 a6 4.Ngf3 c5 5.c3 Nc6 6.Bd3 cxd4 7.cxd4 Be7 8.O-O dxe4
9.Nxe4 Nf6 10.Be3 O-O 11.Qc2 g6 12.a3 Bd7 13.Nc5 Qb8 14.b4 Rd8 15.Rac1 Be8
16.Bc4 b5 17.Bb3 a5 18.bxa5 Nxa5 19.Ba2 Bc6 20.Ne5 Bd5 21.Bg5 Qa7 22.Rfe1 Rac8
23.Bxd5 Rxd5 24.Qe2 Rb8 25.Nxf7 Bxc5  1-0

[Event "TCh-SVK Ext 2013-14"]
[Site "Slovakia SVK"]
[Date "2013.12.07"]
[Round "3.5"]
[White "Zambor,N"]
[Black "Petrik,T"]
[Result "0-1"]
[WhiteElo "2303"]
[BlackElo "2519"]

1.e4 e6 2.d4 d5 3.Nd2 Nc6 4.Ngf3 Nf6 5.e5 Nd7 6.Bb5 a6 7.Ba4 b5 8.Bb3 f6
9.exf6 Qxf6 10.c3 Bd6 11.Nf1 O-O 12.Ne3 Qg6 13.Bc2 Qh5 14.Bd2 Nf6 15.Qe2 Bd7
16.O-O-O e5 17.h3 exd4 18.cxd4 Ne4 19.Nxd5 Nxd2 20.Rxd2 Kh8 21.Ne3 Rae8 22.Rg1 Nb4
23.Bb1 Bc6 24.g4 Qf7 25.Ng5 Nxa2+ 26.Kd1 Qb3+ 27.Bc2 Qxb2 28.Ke1 Bb4 29.Qd3 Qc1+
30.Ke2 Qxd2+ 31.Qxd2 Bxd2  0-1

[Event "TCh-CZE Vychod 2013-14"]
[Site "Czech Rep CZE"]
[Date "2013.12.08"]
[Round "4.3"]
[White "Pokorny,Z"]
[Black "Adamek,J"]
[Result "1/2-1/2"]
[WhiteElo "2275"]
[BlackElo "2298"]

1.e4 e6 2.d4 d5 3.Nd2 Be7 4.Ngf3 Nf6 5.e5 Nfd7 6.c3 c5 7.Be2 Nc6 8.O-O g5
9.Nb3 c4 10.Nbd2 b5 11.b3 Nb6 12.bxc4 bxc4 13.h3 Bd7 14.Re1 Qc7 15.Nf1 h6
16.Ng3 O-O-O 17.Nh5 Rhg8 18.Nh2 Na5 19.Ng4 Rh8 20.Be3 Be8 21.Qd2 Nd7 22.Rab1 Nc6
23.f4 f5 24.exf6 Bd6 25.Ne5 Bxh5 26.Bxh5 Nxf6 27.Bf7 Nxe5 28.dxe5 Qxf7 29.exd6 Ne4
30.Qb2 Nxd6 31.Bd4 Rh7 32.Qb8+ Kd7 33.Qxa7+ Ke8 34.Rxe6+ Qxe6 35.Qxh7 gxf4
36.Rf1 Nb5 37.Rxf4 Nxd4 38.Qh8+ Kd7 39.Qxd4 Re8 40.Qa7+ Kc8 41.Qc5+ Kd7 42.Kh1 Re7
43.Rf1 Qd6 44.Qa7+ Qc7 45.Qa8 Qc6 46.Qf8 Qd6 47.Qf2 Kc8 48.a4 Kb7 49.Rb1+ Ka6
50.Qb2 Qc6 51.Qb8 Re8 52.Qf4 Re7 53.Qb8 Re8 54.Qb4 Re2 55.Qb5+ Qxb5 56.Rxb5 Rd2
57.Kh2 d4 58.cxd4 Rxd4 59.g4 Rd2+ 60.Kg3 Rd3+ 61.Kh4 c3 62.Rc5 Kb6 63.Rc8 Ka5
64.Rc4 Re3 65.Kh5 Rxh3+ 66.Kg6 Rh4 67.Rxc3  1/2-1/2

[Event "ch-HUN w 2013"]
[Site "Heviz HUN"]
[Date "2013.12.08"]
[Round "6.2"]
[White "Juhasz,Ba"]
[Black "Dudas,E"]
[Result "1/2-1/2"]
[WhiteElo "2152"]
[BlackElo "2276"]

1.e4 e6 2.d4 d5 3.Nd2 Nc6 4.Ngf3 Nf6 5.e5 Nd7 6.Bb5 a6 7.Ba4 b5 8.Bb3 Na5
9.c3 Nxb3 10.axb3 c5 11.dxc5 Nxc5 12.Qe2 b4 13.O-O Rb8 14.Nd4 Qc7 15.c4 Bb7
16.f4 g6 17.N2f3 Be7 18.Be3 dxc4 19.bxc4 O-O 20.Nd2 Rfd8 21.N2b3 Rbc8 22.Rac1 Rd7
23.Nxc5 Bxc5 24.Nb3 Bxe3+ 25.Qxe3 Qc6 26.Rc2 Qe4 27.Qxe4 Bxe4 28.Rd2 Rd3
29.Re1 Rxb3 30.Rxe4 a5 31.Rc2 Rc5 32.Kf2 Rd3 33.Ke2 Rd8 34.b3 Kf8 35.Rd2 Ra8
36.Ra2 Ke7 37.Kd3 Rc7 38.Rd4 f6 39.exf6+ Kxf6 40.Ke4 Ke7 41.g4 Rc5 42.g5 Ra7
43.Rad2 a4 44.bxa4 Rcc7 45.R2d3 Rxa4 46.Rh3 Ke8 47.Ke5 Ra6 48.Rd6 Rxd6 49.Kxd6 Rxc4
50.Rxh7 Rxf4 51.Rh8+ Kf7 52.Rh7+ Kg8 53.Rb7 Re4 54.h4 Rxh4 55.Ke5 Kf8 56.Kf6 Rf4+
57.Kxg6 e5 58.Kh5 Rf7 59.Rxb4 Kg7 60.Re4  1/2-1/2

[Event "34th Crespi Trophy 2013"]
[Site "Milan ITA"]
[Date "2013.12.08"]
[Round "9.4"]
[White "Formento,P"]
[Black "Naumkin,I"]
[Result "0-1"]
[WhiteElo "2175"]
[BlackElo "2460"]

1.e4 e6 2.d4 d5 3.Nd2 a6 4.Bd3 c5 5.dxc5 Bxc5 6.Ngf3 Nc6 7.c3 Nf6 8.Qe2 Be7
9.O-O Qc7 10.e5 Ng4 11.c4 Ngxe5 12.cxd5 exd5 13.Nxe5 Qxe5 14.Nf3 Qxe2 15.Bxe2 Bf6
16.Rd1 Be6 17.Bg5 Bxg5 18.Nxg5 Ke7 19.Nxe6 fxe6 20.f3 g5 21.Kf2 Ne5 22.Rac1 Rac8
23.Ke3 Rhf8 24.g3 h6 25.Rh1 Kd6 26.Rxc8 Rxc8 27.Kd2 Nc4+ 28.Bxc4 Rxc4 29.b3 Rd4+
30.Ke3 Rb4 31.Kd3 e5 32.Rc1 Kd7 33.Re1 Rd4+ 34.Ke3 a5 35.a3 h5 36.Rc1 b6
37.Rb1 g4 38.fxg4 hxg4 39.Rf1 a4 40.Rf6 b5 41.b4 Rc4 42.Kd2 Rc6 43.Rf5 Ke6
44.Rg5 d4 45.Rxg4 Rc3 46.Rg6+ Kf5 47.Rb6 Rxa3 48.Rxb5 Ke4 49.Ra5 Ra2+ 50.Ke1 Rxh2
51.Rxa4 Ke3 52.Kf1 d3 53.Kg1 Rb2  0-1

[Event "5th Classic Open 2013"]
[Site "London ENG"]
[Date "2013.12.10"]
[Round "4.2"]
[White "Sutovsky,E"]
[Black "Zumsande,M"]
[Result "1-0"]
[WhiteElo "2657"]
[BlackElo "2430"]

1.e4 e6 2.d4 d5 3.Nd2 Be7 4.e5 c5 5.c3 Nc6 6.Bd3 cxd4 7.cxd4 Qb6 8.Ndf3 Nh6
9.Ne2 Nf5 10.O-O Bd7 11.Bxf5 exf5 12.Bg5 Bxg5 13.Nxg5 h6 14.Nh3 g5 15.f4 g4
16.Nf2 Rc8 17.Qd2 Ne7 18.a4 Kf8 19.Nd3 Kg7 20.Nc5 Rc7 21.Ra3 Rhc8 22.Rb3 Qc6
23.Rc3 Qb6 24.Rfc1 Be8 25.Rb3 Qg6 26.Rbc3 Qb6 27.Ng3 Kg6 28.Rb3 Qc6 29.Rcc3 h5
30.Qe1 b6 31.Nxh5 bxc5 32.Qh4 f6 33.Rxc5 Qa6 34.Nxf6 Kf7 35.Qh7+ Ke6 36.Nxe8 Qxa4
37.Nxc7+ Rxc7 38.Qh6+ Kf7 39.e6+  1-0

[Event "Lidums AUS YM 2013"]
[Site "Adelaide AUS"]
[Date "2013.12.11"]
[Round "9.1"]
[White "McClymont,Brodie"]
[Black "Wallis,C"]
[Result "0-1"]
[WhiteElo "2262"]
[BlackElo "2320"]

1.e4 e6 2.d4 d5 3.Nd2 Nc6 4.Ngf3 Nf6 5.e5 Nd7 6.Be2 f6 7.exf6 Qxf6 8.Nf1 Bd6
9.Ne3 O-O 10.O-O Qg6 11.c4 Nf6 12.g3 Bd7 13.Bd3 Qh5 14.c5 Be7 15.Be2 Qe8
16.Ng2 b6 17.cxb6 axb6 18.Bf4 Ra7 19.Re1 Bb4 20.Bd2 Bd6 21.Bd3 Nd8 22.Bf4 Bb4
23.Bd2 Bd6 24.b4 Bb5 25.Bb1 Ra3 26.Ne5 Qe7 27.Ne3 c5 28.bxc5 bxc5 29.Nc2 Ra4
30.dxc5 Bxe5 31.Rxe5 Ng4 32.Rg5 Nxf2 33.Qh5 Ne4 34.Be3 Qf6  0-1

[Event "5th Penang Open 2013"]
[Site "George Town MAS"]
[Date "2013.12.11"]
[Round "4.3"]
[White "Yeoh,L"]
[Black "Yoseph,Theolifus Taher"]
[Result "1/2-1/2"]
[WhiteElo "2302"]
[BlackElo "2242"]

1.e4 e6 2.d4 d5 3.Nd2 Nc6 4.Ngf3 Nf6 5.e5 Nd7 6.Bb5 Be7 7.Nb3 Ncb8 8.c3 b6
9.h4 h6 10.Be3 c6 11.Be2 Ba6 12.Bxa6 Nxa6 13.Qe2 Nc7 14.h5 c5 15.Rh3 c4 16.Nc1 b5
17.Rg3 Bf8 18.Bd2 a5 19.a4 bxa4 20.Rxa4 Nb6 21.Ra2 a4 22.Kf1 Na6 23.Ne1 Nb8
24.f4 Nc6 25.Qg4 Qd7 26.Rf3 Ne7 27.Qh3 O-O-O 28.g3 Kb7 29.Ng2 f5 30.Nh4  1/2-1/2

[Event "5th Classic Open 2013"]
[Site "London ENG"]
[Date "2013.12.13"]
[Round "7.67"]
[White "Altman,Joshua"]
[Black "Sellmair,Reinhard"]
[Result "1/2-1/2"]
[WhiteElo "1626"]
[BlackElo "1988"]

1.e4 e6 2.d4 d5 3.Nd2 Be7 4.Ngf3 Nf6 5.Bd3 c5 6.exd5 Qxd5 7.dxc5 Bxc5 8.O-O O-O
9.b3 Nbd7 10.Bb2 b6 11.Qe2 Bb7 12.Rfe1 Bb4 13.Rad1 Qh5 14.Nd4 Qg5 15.N4f3 Qg4
16.h3 Qh5 17.Nd4 Qg5 18.N4f3 Qh6 19.Qe3 Qh5 20.Be2 Bc5 21.Qf4 Nd5 22.Qg3 Qg6
23.Qxg6 hxg6 24.Nc4 Rfd8 25.Nce5 Nxe5 26.Nxe5 Nf4 27.Bf3 Bxf3 28.Nxf3 Kf8
29.Ng5 Rac8 30.Ne4 Bb4 31.Rxd8+ Rxd8 32.Bc3 Bxc3 33.Nxc3 Rc8 34.Ne2 Nd5 35.c4 Nb4
36.Nc3 Rd8 37.Re2 Rd3 38.Nb5 Rd1+ 39.Kh2 a6 40.Nc3 Rf1 41.Ne4 Ke7 42.Kg3 Ra1
43.Nc3 Kd6  1/2-1/2

[Event "Bundesliga 2013-14"]
[Site "Hockenheim GER"]
[Date "2013.12.14"]
[Round "5"]
[White "Czarnota,P"]
[Black "Vallejo Pons,F"]
[Result "1/2-1/2"]
[WhiteElo "2528"]
[BlackElo "2705"]

1.e4 e6 2.d4 d5 3.Nd2 Be7 4.Ngf3 Nf6 5.e5 Nfd7 6.Bd3 c5 7.O-O c4 8.Be2 b5
9.Re1 Nc6 10.Nf1 a5 11.Ng3 Ba6 12.Nh5 g6 13.Nf4 b4 14.h4 Nb6 15.g3 a4 16.Be3 Na5
17.b3 h6 18.Rb1 Nc6 19.Nd2 O-O 20.Bf1 axb3 21.axb3 Kh7  1/2-1/2

[Event "ch-European Rapid 2013"]
[Site "Warsaw POL"]
[Date "2013.12.14"]
[Round "1.42"]
[White "Kovalev,Vl"]
[Black "Sidabras,Ignas"]
[Result "1-0"]
[WhiteElo "2574"]
[BlackElo "1736"]

1.e4 e6 2.d4 d5 3.Nd2 Nc6 4.Ngf3 Nf6 5.e5 Nd7 6.Be2 f6 7.exf6 Nxf6 8.b3 Bd6
9.Bb2 O-O 10.c4 dxc4 11.bxc4 Bb4 12.O-O b6 13.a3 Be7 14.Ne5 Bb7 15.Bf3 Na5
16.Bc3 Bxf3 17.Ndxf3 Ne4 18.Bxa5 bxa5 19.Qe1 Ng5 20.Qxa5 Bd6 21.Nd2 Rf5 22.Rae1 Be7
23.Qc3 Qd6 24.f4 Nf7 25.Ne4 Qxa3 26.Qxa3 Bxa3 27.g4 Nxe5 28.gxf5 exf5 29.fxe5 fxe4
30.Rxe4 Rd8 31.d5 Bc5+ 32.Kg2 a5 33.Ra1 Rf8 34.Rxa5 Bb6 35.Ra2 Rf5 36.e6 Rg5+
37.Kf3 Kf8 38.e7+  1-0

[Event "ch-European Rapid 2013"]
[Site "Warsaw POL"]
[Date "2013.12.14"]
[Round "4.39"]
[White "Salgado Lopez,I"]
[Black "Orndahl,Mar"]
[Result "1-0"]
[WhiteElo "2597"]
[BlackElo "2206"]

1.e4 e6 2.d4 d5 3.Nd2 Nc6 4.c3 g6 5.e5 Bg7 6.f4 h5 7.Ngf3 Nh6 8.Bd3 Ne7 9.Ng5 Nef5
10.Ndf3 Bd7 11.O-O b6 12.Qe2 Qe7 13.b4 a5 14.b5 a4 15.Rb1 O-O 16.Rb4 Rfc8
17.Ba3 Qe8 18.Rbb1 Ra5 19.Rfc1 Ra7 20.c4 dxc4 21.Bxc4 Ne7 22.Ne4 Nd5 23.g3 Nf5
24.Bxd5 exd5 25.Nc3 Be6 26.Nd1 c5 27.bxc6 Rxc6 28.Rxc6 Qxc6 29.Rc1 Qd7 30.Qb2 Rb7
31.Kf2 Nh6 32.Ne3 Bg4 33.Ng5 h4 34.Qc3 hxg3+ 35.hxg3 b5 36.Bb4 Be6 37.Qc6 Ng4+
38.Nxg4 Bxg4 39.Qxd7 Bxd7 40.a3 Bh6 41.Kf3 Bf8 42.Bxf8 Kxf8 43.Nh7+ Ke7 44.Nf6 Be6
45.Rb1 b4 46.axb4 a3 47.Ra1 Rxb4 48.Rxa3 Rxd4 49.Ra8  1-0

[Event "ch-European Rapid 2013"]
[Site "Warsaw POL"]
[Date "2013.12.15"]
[Round "8.18"]
[White "Salgado Lopez,I"]
[Black "Kuraszkiewicz,M"]
[Result "1-0"]
[WhiteElo "2597"]
[BlackElo "2324"]

1.e4 e6 2.d4 d5 3.Nd2 Be7 4.e5 c5 5.c3 Nh6 6.Bd3 Nc6 7.Ndf3 Nf5 8.Ne2 O-O
9.O-O cxd4 10.cxd4 Qb6 11.Rb1 Nb4 12.Bxf5 exf5 13.a3 Nc6 14.Bg5 Bxg5 15.Nxg5 h6
16.Nh3 Be6 17.Nhf4 Rac8 18.Qd3 Rfd8 19.h4 Na5 20.b3 Nc6 21.Rfc1 Ne7 22.Qg3 Kh8
23.Nh5 Rg8 24.Rxc8 Bxc8 25.Rc1 Nc6 26.Qe3 Qd8 27.Nf6 Rf8 28.Ng3 Ne7 29.h5 Ng8
30.Nxg8 Kxg8 31.b4 Qh4 32.Ne2 Qxh5 33.Nf4 Qh4 34.Nxd5 Be6 35.g3 Qd8 36.Nf4 g5
37.Nh5 Kh8 38.Nf6 a5 39.d5 Bc8 40.Qd4 Qe7 41.bxa5 Qxa3 42.Rc7 Qxa5 43.e6 Bxe6
44.dxe6 Qe1+ 45.Kg2 Qxe6 46.Nd7+  1-0

[Event "80th ch-BRA 2013"]
[Site "Joao Pessoa BRA"]
[Date "2013.12.16"]
[Round "5.1"]
[White "Di Berardino,D"]
[Black "Santiago,Y"]
[Result "1/2-1/2"]
[WhiteElo "2494"]
[BlackElo "2450"]

1.e4 e6 2.d4 d5 3.Nd2 Nc6 4.Ngf3 Nf6 5.e5 Nd7 6.Bd3 f6 7.exf6 Qxf6 8.Nf1 Bd6
9.Ne3 Nb4 10.O-O Nxd3 11.Qxd3 O-O 12.Re1 c5 13.c3 Qf7 14.Bd2 Qh5 15.Nf1 Nf6
16.dxc5 Bxc5 17.Ng3 Qf7 18.Be3 Bxe3 19.Rxe3 Ng4 20.Re2 e5 21.Nxe5 Nxe5 22.Rxe5 Qxf2+
23.Kh1 Qxb2 24.Rae1 Qxa2 25.Rh5 g6 26.Rxd5 b6 27.Rg5 Bb7 28.Rxg6+ hxg6 29.Qxg6+ Kh8
30.Qh6+ Kg8  1/2-1/2

[Event "SportAccord Basque Women 2013"]
[Site "Beijing CHN"]
[Date "2013.12.17"]
[Round "2.2"]
[White "Kosteniuk,A"]
[Black "Hou Yifan"]
[Result "0-1"]
[WhiteElo "2527"]
[BlackElo "2629"]

1.e4 e6 2.d4 d5 3.Nd2 Nc6 4.Ngf3 Nf6 5.e5 Nd7 6.Be2 f6 7.exf6 Qxf6 8.Nf1 Bd6
9.Ne3 O-O 10.O-O Qg6 11.Bd3 Qh5 12.h3 Nf6 13.Re1 Bd7 14.c3 Kh8 15.Nf1 Rae8
16.Ng3 Qf7 17.Ng5 Qg8 18.f4 h6 19.Nf3 Re7 20.Ne5 Be8 21.b4 g5 22.fxg5 hxg5
23.b5 Nxe5 24.dxe5 Bc5+ 25.Kh2 Nh7 26.a4 Bg6 27.Be2 Ref7 28.Bg4 Rf2 29.Re2 Rxe2
30.Nxe2 Qg7 31.Nd4 Qxe5+ 32.Kg1 Bd3 33.Ba3 Qe3+ 34.Kh2 Bxa3 35.Rxa3 Rf1 36.Qxf1 Bxf1
37.Ra2 Nf8 38.Nf3 Bc4 39.Rd2 Qxc3 40.Rf2 Qe3 41.Kg1 Ng6  0-1

[Event "WYCC U18 Open 2013"]
[Site "Al-Ain UAE"]
[Date "2013.12.18"]
[Round "1.12"]
[White "Alarcon Careaga,Gustavo"]
[Black "Bajarani,U"]
[Result "0-1"]
[WhiteElo "2133"]
[BlackElo "2500"]

1.e4 e6 2.d4 d5 3.Nd2 Be7 4.e5 c5 5.c3 Nc6 6.Ndf3 cxd4 7.cxd4 Bb4+ 8.Bd2 Qa5
9.a3 Bxd2+ 10.Qxd2 Qxd2+ 11.Kxd2 Bd7 12.Re1 Nge7 13.Bd3 O-O 14.Ne2 Rac8 15.Bb5 Nxe5
16.Nxe5 Bxb5 17.Nc3 Bc6 18.Rc1 a6 19.b3 Nf5 20.Kd3 Nd6 21.f3 Rfe8 22.g3 Rc7
23.Rc2 Rec8 24.Rhc1 Be8 25.a4 f6  0-1

[Event "80th ch-BRA 2013"]
[Site "Joao Pessoa BRA"]
[Date "2013.12.18"]
[Round "7.1"]
[White "Molina,Rob"]
[Black "Santiago,Y"]
[Result "1/2-1/2"]
[WhiteElo "2424"]
[BlackElo "2450"]

1.e4 e6 2.d4 d5 3.Nd2 Nc6 4.Ngf3 Nf6 5.e5 Nd7 6.Bd3 f6 7.Ng5 Ndxe5 8.dxe5 fxg5
9.Qh5+ Kd7 10.Nf3 Be7 11.Bd2 Nb4 12.Bxg5 Nxd3+ 13.cxd3 Bb4+ 14.Ke2 Qe8 15.Qg4 Bf8
16.Rac1 c6 17.Be3 g6 18.h4 h6 19.Nd4 Qf7 20.h5 gxh5 21.Qxh5 Qxh5+ 22.Rxh5 c5
23.Nf3 d4 24.Bd2 b6 25.Rch1 Bb7 26.Bxh6 Bd5 27.a3 Bxh6 28.Rxh6 Rhg8 29.R1h2 Kc6
30.Nd2 a5 31.f3 Kb5 32.Kd1 Ka4 33.g4 b5 34.Kc2 c4 35.R6h4 Rac8 36.g5 Rxg5
37.Rxd4 Rxe5 38.dxc4 bxc4 39.Nb1 Kb5 40.Nc3+ Kc5 41.Rf4 Rg8 42.Rd2 Rg1 43.Nxd5 exd5
44.b3 Ree1 45.bxc4 Rc1+ 46.Kb3 a4+ 47.Kb2 Rb1+ 48.Ka2 Ra1+ 49.Kb2 Rgb1+ 50.Kc2 Rc1+
51.Kb2 Rab1+ 52.Ka2 d4 53.Rfxd4 Ra1+ 54.Kb2 Rab1+ 55.Ka2  1/2-1/2

[Event "16th Padova Open A 2013"]
[Site "Padova ITA"]
[Date "2013.12.18"]
[Round "5.7"]
[White "Godena,M"]
[Black "Kovacevic,Bl"]
[Result "1-0"]
[WhiteElo "2509"]
[BlackElo "2437"]

1.e4 e6 2.d4 d5 3.Nd2 Nc6 4.Ngf3 Nf6 5.e5 Nd7 6.Bd3 f6 7.exf6 Qxf6 8.Nf1 e5
9.Ne3 Nb6 10.dxe5 Nxe5 11.Nxe5 Qxe5 12.O-O Bd6 13.f4 Qf6 14.a4 a5 15.Ng4 Bxg4
16.Qxg4 Bc5+ 17.Kh1 O-O 18.Bd2 Qxb2 19.Qh3 g6 20.f5 gxf5 21.Bxf5 Rxf5 22.Qxf5 Qg7
23.Bxa5 Rxa5 24.Rae1 Ra8 25.a5 Kh8 26.axb6 Rg8 27.Qxd5 c6 28.Qe5 Qxe5 29.Rxe5 Bxb6
30.Re7  1-0

[Event "Pavlodar Open 2013"]
[Site "Pavlodar KAZ"]
[Date "2013.12.18"]
[Round "9.11"]
[White "Davletbayeva,M"]
[Black "Nikitin,And"]
[Result "1-0"]
[WhiteElo "2280"]
[BlackElo "2462"]

1.e4 e6 2.d4 d5 3.Nd2 Nc6 4.Ngf3 Nf6 5.e5 Nd7 6.c3 f6 7.exf6 Qxf6 8.Be2 e5
9.dxe5 Ndxe5 10.Nf1 Be6 11.Ne3 O-O-O 12.Nxe5 Nxe5 13.O-O Bc5 14.Nc2 Nc6 15.Bb5 Rhf8
16.Bxc6 Bxf2+ 17.Kh1 Qh4 18.Rxf2 Rxf2 19.Be3 Rxg2 20.Kxg2 Bf5 21.Bf2 Qg5+
22.Bg3 bxc6 23.Qe2 Be4+ 24.Kg1 h5 25.Qe3 Qe7 26.Nd4 Kb7 27.Rf1 Re8 28.Nb3 h4
29.Na5+ Kc8 30.Nxc6 Qe6 31.Nxa7+ Kb7 32.Nb5 Ra8 33.Bxh4 Qg4+ 34.Bg3 Qh3 35.Qe2 Rxa2
36.Nd6+ cxd6 37.Qb5+  1-0

[Event "25th Carlos Torre Open"]
[Site "Merida MEX"]
[Date "2013.12.19"]
[Round "8.3"]
[White "Leon Hoyos,M"]
[Black "Cordova,E"]
[Result "0-1"]
[WhiteElo "2539"]
[BlackElo "2596"]

1.d4 e6 2.e4 d5 3.Nd2 Be7 4.g3 c5 5.Ne2 cxd4 6.Nxd4 Nc6 7.Bb5 Bd7 8.Nxc6 bxc6
9.Bd3 e5 10.O-O Nf6 11.Re1 Bg4 12.Be2 Be6 13.exd5 Nxd5 14.Bg4 Qd7 15.Bxe6 Qxe6
16.Nf3 f6 17.c4 Nb4 18.Qe2 Rd8 19.b3 O-O 20.Ba3 Rd7 21.Red1 Rfd8 22.Bxb4 Bxb4
23.Rxd7 Qxd7 24.a3 Be7 25.b4 Qd3 26.Kf1 e4 27.Qxd3 Rxd3 28.Ne1 Rc3 29.c5 f5
30.Ng2 Kf7 31.h4 g6 32.Ne3 Ke6 33.Ke2 h6 34.Kd2 Bf6 35.Ra2 g5 36.hxg5 hxg5
37.Kd1 f4 38.gxf4 gxf4 39.Nf1 Bd4 40.Ke2 Kd5 41.Kd1 Rf3 42.Ke1 Rd3 43.Nd2 Ke5  0-1

[Event "16th Padova Open A 2013"]
[Site "Padova ITA"]
[Date "2013.12.19"]
[Round "6.4"]
[White "Rozentalis,E"]
[Black "Naumkin,I"]
[Result "1-0"]
[WhiteElo "2622"]
[BlackElo "2445"]

1.e4 e6 2.d4 d5 3.Nd2 a6 4.Ngf3 c5 5.dxc5 Bxc5 6.Bd3 Nc6 7.c3 Nf6 8.Qe2 Be7
9.O-O Qc7 10.Re1 b5 11.a4 b4 12.c4 dxe4 13.Nxe4 h6 14.b3 Na5 15.Bb2 Nxb3
16.Be5 Qa7 17.Rad1 Nc5 18.Nd6+ Kf8 19.Nd4 Bd7 20.Bc2 Qb6 21.Nb3 Nxb3 22.Bxb3 Be8
23.c5 Qc6 24.Bd4 Ra7 25.Qc4 a5 26.Nxe8 Nxe8 27.Qb5 Qc7 28.c6 Nd6 29.Qe5 Bf6
30.Qc5 Ra6 31.Bxf6 Rxc6 32.Be5 Rxc5 33.Bxd6+ Qxd6 34.Rxd6 Ke7 35.Rd3 Rhc8
36.Kf1 Rc3 37.Red1 Rxd3 38.Rxd3 Rc1+ 39.Ke2 g5 40.Rh3 Rb1 41.Bd1 Rb2+ 42.Ke1 Rb1
43.Rxh6 g4 44.Rh8  1-0

[Event "Al-Ain Classic Open A 2013"]
[Site "Al-Ain UAE"]
[Date "2013.12.20"]
[Round "2.1"]
[White "Pourramezanali,A"]
[Black "Jobava,Ba"]
[Result "0-1"]
[WhiteElo "2458"]
[BlackElo "2705"]

1.e4 e6 2.d4 d5 3.Nd2 a6 4.Ngf3 c5 5.exd5 exd5 6.Be2 Nc6 7.O-O Nf6 8.h3 cxd4
9.Nb3 Bd6 10.Nbxd4 O-O 11.c4 Re8 12.cxd5 Nxd4 13.Nxd4 Bc7 14.Nf3 Qd6 15.Bg5 Ne4
16.Be3 Ng3 17.Re1 Rxe3 18.fxe3 Bxh3 19.gxh3 Ne4 20.Rf1 Qg3+ 21.Kh1 Qxh3+
22.Kg1 Qg4+ 23.Kh1 Ng3+ 24.Kg2 Nf5+ 25.Kh1 Nxe3  0-1

[Event "WYCC U18 Open 2013"]
[Site "Al-Ain UAE"]
[Date "2013.12.20"]
[Round "3.27"]
[White "Meylan,A"]
[Black "Santos Latasa,J"]
[Result "0-1"]
[WhiteElo "2193"]
[BlackElo "2467"]

1.e4 e6 2.d4 d5 3.Nd2 Be7 4.c3 c5 5.exd5 Qxd5 6.Ngf3 cxd4 7.Nxd4 Nf6 8.N2f3 O-O
9.Nb5 Qxd1+ 10.Kxd1 Nc6 11.Bf4 Rd8+ 12.Ke1 a6 13.Nc7 Ra7 14.Be3 b6 15.Bxb6 Rb7
16.Nxe6 Rd6 17.Bxa6 Rxb6 18.Bxc8 fxe6 19.Rd1 Rxd1+ 20.Kxd1 Na7  0-1

[Event "WYCC U18 Open 2013"]
[Site "Al-Ain UAE"]
[Date "2013.12.20"]
[Round "3.6"]
[White "Draskovic,L"]
[Black "Bajarani,U"]
[Result "0-1"]
[WhiteElo "2282"]
[BlackElo "2500"]

1.e4 e6 2.d4 d5 3.Nd2 Be7 4.e5 c5 5.Qg4 Kf8 6.dxc5 Nc6 7.Ngf3 h5 8.Qa4 Qc7
9.Qf4 f6 10.Nb3 Nxe5 11.c4 Nh6 12.cxd5 exd5 13.Be2 Bg4 14.Nfd4 Kf7 15.f3 Bd7
16.O-O Rac8 17.Qh4 Bxc5 18.Nxc5 Qxc5 19.Be3 Qe7 20.Qf2 Rce8 21.Rfe1 g5 22.h3 Neg4
23.hxg4 Qxe3 24.Qxe3 Rxe3 25.gxh5 g4 26.Kf2 Rhe8 27.g3 R3e5 28.Bb5 Bxb5 29.Nxb5 R8e6
30.Nd4 Rb6 31.b3 Rxh5 32.Rh1 Rxh1 33.Rxh1 Kg6 34.Ne2 Ra6 35.a4 Rb6 36.Nf4+ Kg7
37.Nh5+ Kh7 38.Rc1 Rxb3 39.Nxf6+ Kg6 40.Nxd5 Rxf3+ 41.Kg2 Nf5 42.Nf4+ Kf6
43.Ne2 b6 44.Rc7 Ne3+ 45.Kh1 Rf1+ 46.Ng1 Rf2 47.Rc6+ Kg5  0-1

[Event "80th ch-BRA 2013"]
[Site "Joao Pessoa BRA"]
[Date "2013.12.20"]
[Round "10.5"]
[White "Molina,Rob"]
[Black "Macedo,MIa"]
[Result "1-0"]
[WhiteElo "2424"]
[BlackElo "2369"]

1.e4 e6 2.d4 d5 3.Nd2 Nc6 4.Ngf3 Nf6 5.e5 Nd7 6.Bd3 Nb4 7.Be2 c5 8.c3 Nc6
9.O-O Be7 10.Re1 a5 11.a4 Qb6 12.Nb3 cxd4 13.cxd4 Nb4 14.Bb5 O-O 15.Be3 Qa7
16.Ng5 b6 17.Rc1 Ba6 18.h4 Bxb5 19.axb5 a4 20.Na1 Rac8 21.Qe2 a3 22.bxa3 Qxa3
23.Nc2 Nxc2 24.Rxc2 Bxg5 25.hxg5 Rc3 26.Rxc3 Qxc3 27.Rc1 Qb4 28.Rc7 Rd8 29.Qd3 Nf8
30.Rb7 Qe1+ 31.Kh2 Ra8 32.Qc2 Ra1 33.Qc7 Qh1+ 34.Kg3 Qh5 35.Rb8 f5 36.exf6 gxf6
37.Qe7  1-0

[Event "WYCC U16 Girls 2013"]
[Site "Al-Ain UAE"]
[Date "2013.12.22"]
[Round "6.31"]
[White "Alboredo,Julia"]
[Black "Saikhanzaya,Ganbaatar"]
[Result "0-1"]
[WhiteElo "1830"]
[BlackElo "1939"]

1.e4 e6 2.d4 d5 3.Nd2 Be7 4.c3 Nf6 5.e5 Nfd7 6.Bd3 c5 7.Ne2 Nc6 8.Nf3 cxd4
9.cxd4 Nf8 10.O-O Ng6 11.a3 O-O 12.g3 f5 13.h4 Qe8 14.Kg2 Nh8 15.Rh1 Nf7
16.Qg1 Kh8 17.Qh2 Nh6 18.Ng5 Bd7 19.f3 Bd8 20.Be3 Bb6 21.h5 Nxe5 22.Rad1 Nxd3
23.Rxd3 Bb5 24.Rd2 e5 25.Re1 e4 26.Nc3 Bc4 27.Qh4 Qd7 28.Qf4 Rae8 29.Qh4 Bd8
30.fxe4 fxe4 31.Qh3 Qxh3+ 32.Nxh3 Ng4 33.Na4 Nxe3+ 34.Rxe3 Bf1+  0-1

[Event "Al-Ain Classic Open A 2013"]
[Site "Al-Ain UAE"]
[Date "2013.12.23"]
[Round "5.28"]
[White "Sosovicka,J"]
[Black "Hassan,Say"]
[Result "0-1"]
[WhiteElo "2188"]
[BlackElo "2341"]

1.e4 e6 2.d4 d5 3.Nd2 a6 4.c3 c5 5.exd5 exd5 6.Bd3 cxd4 7.cxd4 Nc6 8.Nb3 Bd6
9.Ne2 Qh4 10.g3 Qh3 11.Nf4 Bxf4 12.Bxf4 Bg4 13.f3 Bh5 14.Qe2+ Nge7 15.g4 Bg6
16.Bxg6 hxg6 17.O-O-O O-O 18.Kb1 Nc8 19.Qf1 Qh7 20.g5 Qh4 21.Be3 Nd6 22.Qf2 Qh3
23.Qg3 Qf5+ 24.Ka1 Nb4 25.Rc1 Nc4 26.Qf2 Nd3 27.Qe2 Nxc1 28.Bxc1 Rfe8 29.Qf2 Qd3
30.Nc5 Qe2 31.Qg3 b6 32.Nb3 a5 33.a4 Re3  0-1

[Event "WYCC U18 Girls 2013"]
[Site "Al-Ain UAE"]
[Date "2013.12.23"]
[Round "7.39"]
[White "Orlina,Laura"]
[Black "Strasevici,Ana"]
[Result "1-0"]
[WhiteElo "1694"]
[BlackElo "1496"]

1.e4 e6 2.d4 d5 3.Nd2 Be7 4.Bd3 c5 5.c3 Nc6 6.Ne2 Nf6 7.e5 Nd7 8.O-O Qb6
9.Nf3 f6 10.exf6 Nxf6 11.Re1 O-O 12.Nf4 Nd8 13.Ng5 h6 14.Nf3 Bd6 15.Ne5 Bxe5
16.dxe5 Ne8 17.Qg4 c4 18.Bg6 Qc7 19.Qh5 Nf7 20.Nxd5 exd5 21.e6 Nfd6 22.e7 Rf5
23.Bxf5 Bxf5 24.Bf4 Qd7 25.Re5 Be6 26.Rae1 Bf7 27.Qd1 Ne4 28.R5xe4 Qf5 29.Rd4 Rc8
30.Re5 Qg6 31.f3 Rc6 32.Bg3 a5 33.Rg4 Qh7 34.Rd4 Rb6 35.Rd2 a4 36.Bf2 Ra6
37.a3 Qg6 38.Bd4 h5 39.Qc2 b5 40.Qxg6 Bxg6 41.Rxd5 Nc7 42.Rd7 Ne8 43.Re2 Kf7
44.Re5 Re6 45.Rxe6 Kxe6 46.Rb7 Nd6 47.Rb6 Kd7 48.Bc5 Kxe7 49.Rxd6 Be8 50.Rd4+ Kf7
51.Kf2  1-0